00415nam a22001337a 4500003000500000038001800005082000800023100002400031245006000055264003300115650004100148700003400189856005800223NUST aNusrat Nadeem a200 aZaidi, Noor-ul-Anne aOh Fudge; Hobby to Home Business/cNoor-ul-Anne Zaidi,  aIslamabad:bNBS NUST.c2025. aMS- Innovation and Entrepreneurship  aSupervisor: Dr. Fareesa Malik u http://10.250.8.41:8080/xmlui/handle/123456789/55157